[Event "Continental de las Americas"]
[Site "Buenos Aires"]
[Date "2005.08.07"]
[Round "2.2"]
[White "Bruzon, Lazaro"]
[Black "Soppe, Guillermo"]
[Result "1-0"]
[WhiteElo "2662"]
[BlackElo "2432"]
[PlyCount "105"]
[EventDate "2005.08.06"]

1. d4 d5 2. c4 e6 3. Nc3 Nf6 4. cxd5 exd5 5. Bg5 c6 6. e3 Be7 7. Bd3 Nbd7 8.
Nge2 O-O 9. Qc2 Re8 10. O-O Nf8 11. f3 Nh5 12. Bxe7 Qxe7 13. e4 dxe4 14. fxe4
Be6 15. e5 Rad8 16. Ne4 Bd5 17. Rf2 Bxe4 18. Bxe4 g6 19. Raf1 Rd7 20. Bd3 Ne6
21. Bc4 Qh4 22. Qb3 Nhg7 23. d5 cxd5 24. Bb5 Red8 25. Bxd7 Rxd7 26. Nc3 Nc5 27.
Qb5 Qc4 28. Qxc4 dxc4 29. Rf4 Nf5 30. Rxc4 b6 31. Rd1 Re7 32. b4 Na6 33. Re4
Kg7 34. Kf2 h5 35. Nd5 Re8 36. Ne3 Nxe3 37. Kxe3 Re7 38. Rd6 Nc7 39. h4 Ne6 40.
Rc4 Nc7 41. Ke4 Ne6 42. g3 Nc7 43. a4 Ne6 44. Kd5 Nc7+ 45. Kc6 Ne8 46. Rd7 Rxe5
47. Rf4 Re6+ 48. Kb5 Nd6+ 49. Ka6 b5 50. axb5 Kf8 51. Rxd6 Rxd6+ 52. Kxa7 Rd7+
53. Ka6 1-0

[Event "Continental de las Americas"]
[Site "Buenos Aires"]
[Date "2005.08.07"]
[Round "2.3"]
[White "Liascovich, Lucas"]
[Black "Vescovi, Giovanni"]
[Result "0-1"]
[WhiteElo "2432"]
[BlackElo "2640"]
[PlyCount "62"]
[EventDate "2005.08.06"]

1. d4 Nf6 2. c4 e6 3. Nc3 Bb4 4. e3 O-O 5. Bd3 d5 6. Nf3 c5 7. O-O cxd4 8. exd4
dxc4 9. Bxc4 Nbd7 10. Qb3 Be7 11. Re1 Nb6 12. Be2 Bd7 13. Ne5 Bc6 14. Nxc6 bxc6
15. Be3 Nfd5 16. Rad1 Nxe3 17. fxe3 Rb8 18. Qc2 Bb4 19. a3 Bxc3 20. Qxc3 Nd5
21. Qd2 a5 22. Rc1 Qb6 23. Rc2 e5 24. Bf3 Rfd8 25. Rec1 Ne7 26. Bxc6 exd4 27.
exd4 Nf5 28. Qf2 Nxd4 29. Rd2 Rd6 30. Re1 h6 31. Ba4 Nf3+ 0-1

[Event "Continental de las Americas"]
[Site "Buenos Aires"]
[Date "2005.08.07"]
[Round "2.4"]
[White "Dominguez, Lenier"]
[Black "Cordova, Emilio"]
[Result "1/2-1/2"]
[WhiteElo "2639"]
[BlackElo "2422"]
[PlyCount "47"]
[EventDate "2005.08.06"]

1. e4 c5 2. Nf3 Nc6 3. d4 cxd4 4. Nxd4 Nf6 5. Nc3 e5 6. Ndb5 d6 7. Bg5 a6 8.
Na3 b5 9. Bxf6 gxf6 10. Nd5 Bg7 11. Bd3 Ne7 12. Nxe7 Qxe7 13. O-O O-O 14. c3 f5
15. Nc2 f4 16. a4 bxa4 17. Rxa4 Bb7 18. Re1 a5 19. Na3 Qc7 20. Bc4 Bc6 21. Bb5
Bb7 22. Bc4 Bc6 23. Bb5 Bb7 24. Bc4 1/2-1/2

[Event "Continental de las Americas"]
[Site "Buenos Aires"]
[Date "2005.08.07"]
[Round "2.14"]
[White "Ivanov, Alexander"]
[Black "Scarella, Enrique"]
[Result "1-0"]
[WhiteElo "2566"]
[BlackElo "2367"]
[PlyCount "69"]
[EventDate "2005.08.06"]

1. e4 c5 2. Nf3 Nc6 3. d4 cxd4 4. Nxd4 g6 5. Nc3 Bg7 6. Be3 Nf6 7. Bc4 d6 8. f3
Qb6 9. Nf5 Qxb2 10. Nxg7+ Kf8 11. Nd5 Nxd5 12. Bxd5 Kxg7 13. O-O Qc3 14. Re1
Qa5 15. Qc1 h6 16. Rb1 Qc7 17. f4 f6 18. c4 Bd7 19. c5 Rac8 20. cxd6 Qxd6 21.
Qb2 Na5 22. Rbd1 Bg4 23. Rd2 Qc7 24. e5 Rhd8 25. h3 Bf5 26. Bxa7 b5 27. exf6+
exf6 28. Bd4 Rd6 29. Rde2 Kf8 30. Qb4 Nc6 31. Bxc6 Qxc6 32. Be5 fxe5 33. fxe5
Bd7 34. exd6 Qb6+ 35. Rf2+ 1-0

[Event "Continental de las Americas"]
[Site "Buenos Aires"]
[Date "2005.08.07"]
[Round "2.16"]
[White "Blanco Fernandez, Alvaro"]
[Black "Vasquez, Rodrigo"]
[Result "1/2-1/2"]
[WhiteElo "2367"]
[BlackElo "2558"]
[PlyCount "102"]
[EventDate "2005.08.06"]

1. d4 Nf6 2. c4 e6 3. Nf3 c5 4. d5 d6 5. Nc3 exd5 6. cxd5 g6 7. h3 a6 8. a4 Qe7
9. g4 Bg7 10. Bg2 O-O 11. O-O Nbd7 12. Bf4 Ne8 13. e4 Rb8 14. Re1 b5 15. axb5
axb5 16. Qe2 b4 17. Nb5 Ne5 18. Nxe5 Bxe5 19. Bh6 Qf6 20. Bxf8 Kxf8 21. Reb1
Bd7 22. Na7 Nc7 23. Qd2 g5 24. Bf1 Rb6 25. Kg2 h5 26. Be2 Bd4 27. Bf3 c4 28.
Ra2 c3 29. bxc3 bxc3 30. Qd3 hxg4 31. hxg4 Rb2 32. Raxb2 cxb2 33. Qc4 Bxg4 34.
Qe2 Bxf3+ 35. Qxf3 Qxf3+ 36. Kxf3 Bxa7 37. Rxb2 Bd4 38. Rb7 Ne8 39. Kg4 Bxf2
40. Kxg5 Be3+ 41. Kf5 Ng7+ 42. Kg4 Bd4 43. Rd7 Be5 44. Kg5 Ne8 45. Kf5 Ng7+ 46.
Kg5 Kg8 47. Rd8+ Kh7 48. Rf8 f6+ 49. Rxf6 Bxf6+ 50. Kxf6 Nh5+ 51. Ke6 Ng3
1/2-1/2

[Event "Continental de las Americas"]
[Site "Buenos Aires"]
[Date "2005.08.07"]
[Round "2.18"]
[White "Gonzalez Zamora, Juan Carlos"]
[Black "Sosa Harrison, Jorge"]
[Result "1/2-1/2"]
[WhiteElo "2546"]
[BlackElo "2346"]
[PlyCount "92"]
[EventDate "2005.08.06"]

1. c4 Nf6 2. Nf3 g6 3. Nc3 d5 4. cxd5 Nxd5 5. g3 Bg7 6. Bg2 O-O 7. O-O Nxc3 8.
bxc3 c5 9. Rb1 Nc6 10. Qa4 Qc7 11. d3 Ne5 12. Bf4 Nxf3+ 13. Bxf3 Be5 14. Be3 a6
15. Rfc1 Rb8 16. d4 Bd6 17. dxc5 Bxc5 18. Qc4 b6 19. Bxc5 Bf5 20. Rb4 bxc5 21.
Rxb8 Rxb8 22. Qxa6 Qe5 23. Qa4 Rb2 24. h4 Kg7 25. a3 Ra2 26. Kg2 Be6 27. c4 Qb2
28. Rd1 Qxa3 29. Qe8 Qa4 30. Qd8 Ra1 31. Rxa1 Qxa1 32. Qxe7 Qd4 33. h5 Bxc4 34.
e3 Qd3 35. Qe5+ Kh6 36. Qf4+ Kg7 37. Qe5+ Kh6 38. Qf4+ Kg7 39. h6+ Kf8 40. Kh2
Be6 41. Qb8+ Ke7 42. Qc7+ Kf6 43. Qxc5 Qf5 44. Qd4+ Ke7 45. Qf4 g5 46. Qb4+ Kf6
1/2-1/2

[Event "Continental de las Americas"]
[Site "Buenos Aires"]
[Date "2005.08.07"]
[Round "2.19"]
[White "Toloza, Pablo"]
[Black "Nogueiras, Jesus"]
[Result "1/2-1/2"]
[WhiteElo "2349"]
[BlackElo "2541"]
[PlyCount "27"]
[EventDate "2005.08.06"]

1. d4 Nf6 2. c4 e6 3. Nf3 Bb4+ 4. Bd2 c5 5. Bxb4 cxb4 6. a3 Nc6 7. e3 O-O 8.
Bd3 d6 9. O-O bxa3 10. Rxa3 e5 11. Nc3 Re8 12. dxe5 dxe5 13. Ne4 Be6 14. Nfg5
1/2-1/2

[Event "Continental de las Americas"]
[Site "Buenos Aires"]
[Date "2005.08.07"]
[Round "2.21"]
[White "Arencibia, Walter"]
[Black "Bronstein, Luis"]
[Result "1-0"]
[WhiteElo "2527"]
[BlackElo "2342"]
[PlyCount "117"]
[EventDate "2005.08.06"]

1. d4 Nf6 2. c4 e6 3. Nf3 d5 4. Nc3 Bb4 5. cxd5 exd5 6. Qa4+ Nc6 7. Bg5 h6 8.
Bxf6 Qxf6 9. e3 O-O 10. Be2 a6 11. O-O Be6 12. Rfc1 Bd6 13. Qd1 Ne7 14. Rab1
Bf5 15. Bd3 Bg4 16. b4 c6 17. Be2 Ng6 18. Ne1 Bf5 19. Bd3 Rfe8 20. a4 Rad8 21.
b5 axb5 22. axb5 Ba3 23. Rc2 c5 24. Bxf5 Qxf5 25. Nf3 c4 26. b6 Bd6 27. Rb5 Bb8
28. e4 Rxe4 29. Nxe4 Qxe4 30. Re2 Qf5 31. g3 Kh7 32. Re3 Bd6 33. Qb1 Qxb1+ 34.
Rxb1 Ra8 35. Rb5 Ne7 36. Kg2 Ra2 37. Rc3 Kg8 38. Ne1 Rd2 39. Nc2 Kf8 40. Kf1
Ke8 41. Ke1 Rxc2 42. Rxc2 Kd7 43. Kd2 Kc6 44. Rcb2 Nf5 45. Kc3 Be7 46. g4 Nxd4
47. Kxd4 Bf6+ 48. Ke3 d4+ 49. Ke4 c3 50. Rb1 c2 51. Rc1 Kxb5 52. Rxc2 Kxb6 53.
Rc8 Ka5 54. Rc7 b5 55. Rxf7 Kb4 56. Kd3 Kc5 57. f4 Kd5 58. h4 Bxh4 59. Rxg7 1-0

[Event "Continental de las Americas"]
[Site "Buenos Aires"]
[Date "2005.08.07"]
[Round "2.22"]
[White "Fierro Baquero, Martha"]
[Black "Rodriguez, Andres"]
[Result "0-1"]
[WhiteElo "2340"]
[BlackElo "2523"]
[PlyCount "54"]
[EventDate "2005.08.06"]

1. e4 e6 2. Nf3 d5 3. Nc3 Bb4 4. e5 Ne7 5. Ne2 c5 6. c3 Ba5 7. d4 Nbc6 8. Bd2
O-O 9. Ng3 cxd4 10. cxd4 Bd7 11. Bd3 Bxd2+ 12. Qxd2 Qa5 13. Qxa5 Nxa5 14. O-O
Rfc8 15. Rac1 Nc4 16. Be2 a5 17. Rfd1 b5 18. b3 Na3 19. Ne1 Nc6 20. Nc2 b4 21.
Nf1 a4 22. Nfe3 axb3 23. axb3 Rab8 24. Ne1 Na5 25. Ba6 Rxc1 26. Rxc1 Nxb3 27.
Rc7 Bb5 0-1

[Event "Continental de las Americas"]
[Site "Buenos Aires"]
[Date "2005.08.07"]
[Round "2.23"]
[White "Moreda, Lucas"]
[Black "Hernandez, Gilberto"]
[Result "0-1"]
[WhiteElo "2329"]
[BlackElo "2518"]
[PlyCount "78"]
[EventDate "2005.08.06"]

1. e4 e6 2. d4 d5 3. Nc3 Nf6 4. e5 Nfd7 5. f4 c5 6. Nf3 Nc6 7. Be3 a6 8. Qd2 b5
9. dxc5 Bxc5 10. Bxc5 Nxc5 11. Qf2 Qb6 12. Bd3 b4 13. Ne2 a5 14. O-O Ba6 15.
Kh1 Ne7 16. g4 h6 17. Rac1 Na4 18. Bxa6 Rxa6 19. Nfd4 Nc5 20. f5 O-O 21. Qe3
Ne4 22. fxe6 fxe6 23. Rxf8+ Kxf8 24. Rf1+ Kg8 25. Nf4 Qc7 26. Nfxe6 Qxe5 27.
Qf3 Nf6 28. Nc5 Rb6 29. Qd3 Rb8 30. h3 Rc8 31. Nce6 Ne4 32. Rf3 Ng6 33. Qa6 Re8
34. Qc6 Re7 35. Qc8+ Kh7 36. Nf8+ Nxf8 37. Rxf8 Nd6 38. Nf3 Qg3 39. g5 Nxc8 0-1

[Event "Continental de las Americas"]
[Site "Buenos Aires"]
[Date "2005.??.07"]
[Round "2.24"]
[White "Gurevich, Dmitry"]
[Black "Pacheco, Daniel"]
[Result "1-0"]
[WhiteElo "2515"]
[BlackElo "2324"]
[PlyCount "121"]
[EventDate "2005.08.06"]

1. d4 Nf6 2. c4 e5 3. dxe5 Ng4 4. Bf4 Bb4+ 5. Nc3 Nc6 6. Nf3 Bxc3+ 7. bxc3 Qe7
8. Qd5 f6 9. exf6 Nxf6 10. Qd3 d6 11. g3 O-O 12. Bg2 Bg4 13. Nd4 Rae8 14. Nxc6
bxc6 15. Be3 Bd7 16. Bg5 Qe5 17. Bxf6 Rxf6 18. e3 Qc5 19. Qd4 Qh5 20. Rd1 Bg4
21. Rd2 Bf3 22. Bxf3 Qxf3 23. O-O a5 24. Rb2 h5 25. Rb7 Re4 26. Qd1 Qf5 27. Qe2
h4 28. f3 hxg3 29. hxg3 Re7 30. Kg2 Rh6 31. g4 Qg5 32. Rb8+ Kf7 33. Qf2 Rxe3
34. Re1 Rhe6 35. Rxe3 Rxe3 36. Rb7 Re7 37. Rb2 Qc5 38. Qd4 Qg5 39. Kg3 Qc1 40.
Qf4+ Qxf4+ 41. Kxf4 Re5 42. g5 Rc5 43. Kg4 Rxc4+ 44. f4 Rxc3 45. Rb7 g6 46.
Rxc7+ Kf8 47. Rc8+ Ke7 48. Rc7+ Kf8 49. Rc8+ Ke7 50. Rc7+ Ke8 51. Rg7 Rd3 52.
Rxg6 Kf7 53. Rf6+ Ke7 54. Rh6 c5 55. f5 c4 56. Rh7+ Kd8 57. f6 Ke8 58. g6 Rd4+
59. Kf5 c3 60. Rc7 Kd8 61. g7 1-0

[Event "Continental de las Americas"]
[Site "Buenos Aires"]
[Date "2005.08.07"]
[Round "2.25"]
[White "Quiroga, Facundo"]
[Black "Flores, Diego"]
[Result "1-0"]
[WhiteElo "2321"]
[BlackElo "2513"]
[PlyCount "123"]
[EventDate "2005.08.06"]

1. d4 Nf6 2. c4 g6 3. Nc3 Bg7 4. e4 O-O 5. Nf3 d6 6. Be2 Bg4 7. Be3 Nfd7 8. Ng1
Bxe2 9. Ngxe2 c5 10. dxc5 dxc5 11. O-O Nc6 12. h3 Nde5 13. b3 Qa5 14. Bd2 Rad8
15. Nd5 Qa6 16. f4 Nxc4 17. bxc4 Qxc4 18. Rc1 Qxe4 19. Ndc3 Qc4 20. Nb1 Qxa2
21. Rxc5 Rd7 22. Kh1 Rfd8 23. Rc2 Qa4 24. Qc1 Rd3 25. Bc3 Bh6 26. Rd2 Qe4 27.
Rxd3 Rxd3 28. Ng1 b5 29. Ba1 f6 30. Nc3 Qc4 31. Qe1 b4 32. Ne4 Nd4 33. Nf2 Ra3
34. Bxd4 Qxd4 35. Qe6+ Kf8 36. Ng4 Bxf4 37. Ne2 Ra1 38. Rxa1 Qxa1+ 39. Ng1 h5
40. Nf2 Qe5 41. Qc8+ Kg7 42. Qb7 a5 43. Nd3 Qc7 44. Qd5 Bd6 45. g4 Qc2 46. Nf3
hxg4 47. hxg4 g5 48. Kg1 Qe2 49. Nd4 Qxg4+ 50. Kf1 Qd1+ 51. Ne1 Qc1 52. Ke2
Qb2+ 53. Kf1 Qh2 54. Nef3 Qh3+ 55. Kf2 Bf4 56. Nf5+ Kh8 57. Qd8+ Kh7 58. Qxe7+
Kg6 59. Qe8+ Kxf5 60. Qd7+ Ke4 61. Qxh3 f5 62. Qh6 1-0

[Event "Continental de las Americas"]
[Site "Buenos Aires"]
[Date "2005.08.07"]
[Round "2.26"]
[White "Arambel, Sergio"]
[Black "Sorin, Ariel"]
[Result "0-1"]
[WhiteElo "2295"]
[BlackElo "2496"]
[PlyCount "98"]
[EventDate "2005.08.06"]

1. Nf3 g6 2. g3 Bg7 3. d4 c5 4. Bg2 cxd4 5. Nxd4 Nc6 6. Nb3 Nf6 7. c4 O-O 8.
O-O d6 9. Nc3 Be6 10. Nd5 Rc8 11. Bf4 Nd7 12. Rb1 Nce5 13. Bxe5 Nxe5 14. Nd4
Bd7 15. b3 Nc6 16. Nc2 a6 17. Qd2 b5 18. cxb5 axb5 19. Rfc1 e6 20. Ndb4 d5 21.
e4 d4 22. Nd3 Ra8 23. a3 Qb6 24. f4 Rfc8 25. e5 Bf8 26. b4 Ra7 27. Qf2 Rac7 28.
Bxc6 Rxc6 29. Nxd4 Rc3 30. Rxc3 Rxc3 31. Rb3 Qc7 32. Rxc3 Qxc3 33. Nc5 Bxc5 34.
bxc5 Qxa3 35. c6 Bxc6 36. Qd2 Qc5 37. Kf1 Be4 38. Ke1 b4 39. Ne2 Bd5 40. g4 Qc4
41. Qd4 Qb5 42. f5 b3 43. Nc3 b2 44. Nb1 gxf5 45. gxf5 exf5 46. Qh4 Qa5+ 47.
Kf1 Be4 48. Nc3 Qa6+ 49. Ke1 b1=Q+ 0-1

[Event "Continental de las Americas"]
[Site "Buenos Aires"]
[Date "2005.08.07"]
[Round "2.27"]
[White "Luconi, Cristian"]
[Black "Mieles Palau, Daniel"]
[Result "1/2-1/2"]
[WhiteElo "2258"]
[BlackElo "2476"]
[PlyCount "93"]
[EventDate "2005.08.06"]

1. d4 d5 2. Nf3 Nf6 3. Bf4 c5 4. e3 Nc6 5. c3 Qb6 6. Qb3 c4 7. Qc2 Bf5 8. Qc1
h6 9. Nbd2 Nh5 10. Be2 g5 11. Bg3 Bg7 12. O-O Nxg3 13. hxg3 e5 14. dxe5 Nxe5
15. Nxe5 Bxe5 16. e4 Bxe4 17. Nxe4 dxe4 18. Bxc4 O-O-O 19. Qe3 Qxe3 20. fxe3
Rd2 21. Rxf7 Bxg3 22. b4 Rhd8 23. Be6+ Kb8 24. Raf1 R2d3 25. c4 b5 26. cxb5
Rxe3 27. Bd7 Re1 28. Rxe1 Bxe1 29. Kf1 Bxb4 30. Bc6 Rd1+ 31. Ke2 Re1+ 32. Kf2
e3+ 33. Kg3 e2 34. Rb7+ Kc8 35. Kf2 Ra1 36. Kxe2 Rxa2+ 37. Kd3 h5 38. Rh7 h4
39. Ke3 Ra3+ 40. Ke4 Be1 41. Kf5 Bd2 42. Ke6 Bf4 43. Kf5 Be3 44. Ke4 Bc1 45.
Kf5 Bd2 46. Ke5 Be3 47. Be4 1/2-1/2

[Event "Continental de las Americas"]
[Site "Buenos Aires"]
[Date "2005.08.07"]
[Round "2.29"]
[White "Mareco, Sandro"]
[Black "Garcia, Gildardo"]
[Result "1/2-1/2"]
[WhiteElo "2187"]
[BlackElo "2453"]
[PlyCount "41"]
[EventDate "2005.08.06"]

1. c4 e5 2. Nc3 Nc6 3. g3 f5 4. Bg2 Nf6 5. e3 d5 6. cxd5 Nb4 7. d3 Nbxd5 8.
Nxd5 Nxd5 9. Nf3 Bb4+ 10. Bd2 Bxd2+ 11. Qxd2 Qd6 12. O-O O-O 13. Rfe1 Be6 14.
Ng5 Rad8 15. e4 Nf6 16. Qc3 fxe4 17. dxe4 h6 18. Nf3 Nd7 19. Rad1 Qb6 20. Rd2
Nc5 21. b3 1/2-1/2

[Event "Continental de las Americas"]
[Site "Buenos Aires"]
[Date "2005.08.07"]
[Round "2.30"]
[White "Pierrot, Facundo"]
[Black "Mekhitarian, Krikor"]
[Result "1-0"]
[WhiteElo "2449"]
[BlackElo "2218"]
[PlyCount "75"]
[EventDate "2005.08.06"]

1. e4 c5 2. Nf3 d6 3. d4 cxd4 4. Nxd4 Nf6 5. Nc3 a6 6. Be2 e5 7. Nb3 Be7 8. Bg5
Be6 9. Bxf6 Bxf6 10. Qd3 O-O 11. O-O-O Be7 12. Nd5 Bxd5 13. Qxd5 Qb6 14. Bc4
Nc6 15. Kb1 a5 16. Qb5 Qc7 17. a4 Ra6 18. c3 Bf6 19. Nd2 Ne7 20. Ba2 Bg5 21.
Nc4 Rc6 22. Qb3 Kh8 23. h4 Bh6 24. Na3 Nc8 25. Rd3 g6 26. h5 Bf4 27. Nb5 Qd8
28. Rf3 Qg5 29. hxg6 Qxg6 30. Qc2 Qxg2 31. Rfh3 h6 32. Bd5 Rb6 33. Rxh6+ Bxh6
34. Qc1 Kg8 35. Qxh6 Qg7 36. Qh2 Ne7 37. Rg1 Ng6 38. Qh5 1-0

[Event "Continental de las Americas"]
[Site "Buenos Aires"]
[Date "2005.08.07"]
[Round "2.31"]
[White "Lima, Darcy"]
[Black "Perez Cascella, Julio"]
[Result "1-0"]
[WhiteElo "2535"]
[BlackElo "2209"]
[PlyCount "71"]
[EventDate "2005.08.06"]

1. d4 Nf6 2. c4 d6 3. Nc3 g6 4. e4 Bg7 5. Nf3 O-O 6. h3 e5 7. d5 Nbd7 8. g4 Nc5
9. Qc2 a5 10. Be3 c6 11. O-O-O Qe7 12. Be2 Re8 13. Nh2 Nfd7 14. h4 Nf8 15. Nf1
Bd7 16. Ng3 Rec8 17. Kb1 Qe8 18. h5 cxd5 19. exd5 Qe7 20. hxg6 hxg6 21. Qd2 f6
22. f4 exf4 23. Bxf4 g5 24. Be3 Ng6 25. Rde1 Ne5 26. Qc2 Kf7 27. Nf5 Bxf5 28.
Qxf5 Qd7 29. Qf1 Ke7 30. Rh7 Rg8 31. Bxc5 dxc5 32. Ne4 Raf8 33. Nxc5 Qc8 34.
Ne6 Rf7 35. c5 Qd7 36. d6+ 1-0

[Event "Continental de las Americas"]
[Site "Buenos Aires"]
[Date "2005.08.07"]
[Round "2.32"]
[White "Ianovsky, Matias"]
[Black "Kudrin, Sergei"]
[Result "1/2-1/2"]
[WhiteElo "2155"]
[BlackElo "2559"]
[PlyCount "54"]
[EventDate "2005.08.06"]

1. d4 Nf6 2. Nf3 g6 3. c4 Bg7 4. g3 d5 5. cxd5 Nxd5 6. Bg2 Nb6 7. Nc3 Nc6 8. e3
O-O 9. O-O Re8 10. d5 Na5 11. Nd4 Bd7 12. e4 c6 13. Nb3 Nac4 14. Nc5 cxd5 15.
exd5 Nd6 16. Bf4 Nbc4 17. Qb3 Rc8 18. Nxb7 Nxb7 19. Qxb7 Nxb2 20. Nb5 Bxb5 21.
Qxb5 Qb6 22. Qxb6 axb6 23. Rab1 Red8 24. Rfc1 Rxc1+ 25. Bxc1 Na4 26. Be3 Nc3
27. Rxb6 Nxa2 1/2-1/2

[Event "Continental de las Americas"]
[Site "Buenos Aires"]
[Date "2005.08.07"]
[Round "2.34"]
[White "Alonso, Salvador"]
[Black "Daneri, Martin"]
[Result "1-0"]
[WhiteElo "2457"]
[BlackElo "2220"]
[PlyCount "89"]
[EventDate "2005.08.06"]

1. e4 e5 2. Nf3 d5 3. exd5 e4 4. Qe2 Nf6 5. Nc3 Be7 6. Nxe4 Nxd5 7. Qd1 O-O 8.
d3 f5 9. Nc3 Bb4 10. Bd2 Re8+ 11. Be2 Bxc3 12. bxc3 Qf6 13. d4 c5 14. O-O Nc6
15. c4 Nb6 16. d5 Nd4 17. Nxd4 cxd4 18. c3 Bd7 19. Re1 dxc3 20. Be3 f4 21. Bd4
c2 22. Qd2 Qg6 23. Bb2 Bh3 24. g3 Rf8 25. c5 Na4 26. Bd4 f3 27. Bc4 Kh8 28. Re7
Rf7 29. Bd3 Bf5 30. Rxf7 Qxf7 31. Qxc2 Bxd3 32. Qxd3 Rd8 33. d6 b6 34. c6 Rxd6
35. Rc1 Qc7 36. Qxf3 Rd8 37. Qe4 Nc5 38. Bxc5 bxc5 39. Rxc5 h6 40. Re5 Qf7 41.
Re7 Qxa2 42. Re8+ Rxe8 43. Qxe8+ Kh7 44. Qe4+ Kh8 45. c7 1-0

[Event "Continental de las Americas"]
[Site "Buenos Aires"]
[Date "2005.08.07"]
[Round "2.35"]
[White "Rojas, Luis"]
[Black "Molina, Jorge"]
[Result "1-0"]
[WhiteElo "2437"]
[BlackElo "2195"]
[PlyCount "79"]
[EventDate "2005.08.06"]

1. e4 c6 2. d4 d5 3. Nd2 dxe4 4. Nxe4 Bf5 5. Ng3 Bg6 6. h4 h6 7. Nh3 Nf6 8. Nf4
Bh7 9. Bc4 e6 10. O-O Bd6 11. c3 Nbd7 12. Bxe6 fxe6 13. Nxe6 Qa5 14. Nxg7+ Kf7
15. N3h5 Nxh5 16. Nxh5 Rag8 17. Ng3 Qd5 18. Bxh6 Be4 19. c4 Qe6 20. Bg5 Bxg2
21. Kxg2 Rxg5 22. hxg5 Qh3+ 23. Kf3 Kg7 24. Qd3 Rf8+ 25. Ke2 Qg4+ 26. Kd2 Rf3
27. Qe4 Rxg3 28. Rae1 Qxe4 29. Rxe4 Rxg5 30. c5 Nf6 31. Re6 Bf4+ 32. Kd3 Kf7
33. Rfe1 Nd5 34. Re8 Bc7 35. Ra8 a6 36. Ra7 Rf5 37. Rf1 Rf3+ 38. Kc4 Kf6 39.
Rxb7 Bg3 40. Rb3 1-0

[Event "Continental de las Americas"]
[Site "Buenos Aires"]
[Date "2005.08.07"]
[Round "2.36"]
[White "Demaria, Juan Pablo"]
[Black "Bachmann, Axel"]
[Result "0-1"]
[WhiteElo "2272"]
[BlackElo "2410"]
[PlyCount "120"]
[EventDate "2005.08.06"]

1. e4 g6 2. d4 Bg7 3. Nc3 d6 4. Be3 c6 5. Qd2 Nf6 6. Nf3 O-O 7. Bd3 Nbd7 8. O-O
e5 9. dxe5 dxe5 10. Rfd1 Qe7 11. h3 Nc5 12. Bh6 Re8 13. Bxg7 Kxg7 14. Qe3 b5
15. Ne2 Bb7 16. Ng3 Nfd7 17. Rd2 Nb6 18. Rad1 Rad8 19. Be2 Rxd2 20. Rxd2 Bc8
21. b3 Nb7 22. c3 f6 23. Nh2 Qc5 24. Nhf1 a5 25. Bg4 Qxe3 26. Nxe3 h5 27. Bxc8
Rxc8 28. Kf1 Kf7 29. f3 Ke6 30. Ke1 a4 31. Ne2 axb3 32. axb3 Ra8 33. Rb2 Nc5
34. Nc1 Ra1 35. Kd2 f5 36. Nd3 Nxd3 37. Kxd3 f4 38. Nc2 Rg1 39. Na3 Nd7 40. Rd2
Ra1 41. Nc2 Nc5+ 42. Ke2 Rc1 43. Nb4 Nxb3 44. Rc2 c5 45. Rb2 cxb4 46. Rxb3 bxc3
47. Rxb5 Rg1 48. Kd3 Rxg2 49. Kxc3 Rg3 50. Kc4 Rxf3 51. Rb6+ Kf7 52. Kd5 Rxh3
53. Kxe5 f3 54. Rb7+ Kg8 55. Rb2 Kg7 56. Kf4 h4 57. Kg4 Rg3+ 58. Kxh4 Rg2 59.
Rb1 g5+ 60. Kh5 f2 0-1

[Event "Continental de las Americas"]
[Site "Buenos Aires"]
[Date "2005.08.07"]
[Round "2.37"]
[White "Fernandez, Daniel"]
[Black "Mayorga, Nicolas"]
[Result "1-0"]
[WhiteElo "2406"]
[BlackElo "2188"]
[PlyCount "61"]
[EventDate "2005.08.06"]

1. Nf3 c5 2. c4 Nf6 3. g3 b6 4. Bg2 Bb7 5. O-O e6 6. b3 Be7 7. Bb2 O-O 8. Nc3
d6 9. d4 cxd4 10. Qxd4 a6 11. Rfd1 Nbd7 12. Rac1 Qc7 13. Qf4 Rac8 14. g4 Rfd8
15. g5 Ne8 16. Ne4 Qb8 17. h4 Qa8 18. Ng3 d5 19. h5 Bd6 20. Qg4 dxc4 21. g6 f5
22. gxh7+ Kh8 23. Qg6 Ndf6 24. Ng5 Rd7 25. Bxb7 Qxb7 26. Rxd6 Nxd6 27. Bxf6
cxb3 28. Rxc8+ Qxc8 29. h6 Ne8 30. hxg7+ Nxg7 31. axb3 1-0

[Event "Continental de las Americas"]
[Site "Buenos Aires"]
[Date "2005.08.07"]
[Round "2.38"]
[White "Bustamante, Oscar"]
[Black "Dolezal, Cristian"]
[Result "0-1"]
[WhiteElo "2141"]
[BlackElo "2402"]
[PlyCount "148"]
[EventDate "2005.08.06"]

1. e4 c5 2. Nf3 e6 3. Nc3 Nc6 4. Bb5 Na5 5. Be2 a6 6. a4 b6 7. O-O Bb7 8. Re1
Ne7 9. d3 d5 10. Bg5 d4 11. Nb1 f6 12. Bd2 Nec6 13. e5 f5 14. Ng5 Qd7 15. Bf3
O-O-O 16. Bxa5 Nxa5 17. Bxb7+ Kxb7 18. Na3 g6 19. Nf3 Bh6 20. Nd2 Bxd2 21. Qxd2
Qxa4 22. Reb1 Qb4 23. Qg5 Rd7 24. b3 Ka7 25. Qc1 Nb7 26. Nc4 a5 27. Na3 Kb8 28.
Kf1 h6 29. Ke2 g5 30. g3 Rd5 31. f4 Rg8 32. Kf3 Rd7 33. Ke2 Kc7 34. Qf1 Nd8 35.
Qf3 Nc6 36. Re1 Ne7 37. Nc4 gxf4 38. Qxf4 Qc3 39. Ra2 Ng6 40. Qxh6 Rh8 41. Qxg6
Rxh2+ 42. Kd1 b5 43. Qg5 bxc4 44. bxc4 Kc6 45. Qc1 Rb7 46. Ra3 Rb1 47. Rxc3
Rxc1+ 48. Kxc1 dxc3 49. Kb1 a4 50. Rg1 Re2 51. g4 fxg4 52. Rxg4 Rxe5 53. Rg2
Re1+ 54. Ka2 Rd1 55. Rg8 Rc1 56. Rg2 Kd6 57. Rh2 Ke5 58. Re2+ Kf5 59. Rf2+ Kg4
60. Re2 Kf3 61. Rxe6 Rxc2+ 62. Ka3 Re2 63. Rf6+ Ke3 64. Kxa4 Kxd3 65. Kb3 Rb2+
66. Ka3 Rb4 67. Rh6 c2 68. Rh3+ Kxc4 69. Rh4+ Kb5 70. Rxb4+ cxb4+ 71. Kb2 b3
72. Kc1 Kc4 73. Kd2 Kb4 74. Kc1 Ka3 0-1

[Event "Continental de las Americas"]
[Site "Buenos Aires"]
[Date "2005.08.07"]
[Round "2.39"]
[White "Varela, Daniel"]
[Black "Dos Santos, Ramiro"]
[Result "0-1"]
[WhiteElo "2113"]
[BlackElo "2393"]
[PlyCount "92"]
[EventDate "2005.08.06"]

1. e4 e6 2. d3 c5 3. g3 d5 4. Nd2 Nc6 5. Bg2 Nf6 6. Ngf3 Be7 7. O-O O-O 8. Re1
Qc7 9. c3 b5 10. Qe2 b4 11. e5 Nd7 12. h4 a5 13. Nf1 a4 14. N1h2 a3 15. Ng5
Qxe5 16. Qd1 Qc7 17. cxb4 cxb4 18. b3 Nf6 19. d4 Bd7 20. Bf4 Bd6 21. Bxd6 Qxd6
22. Rc1 Rac8 23. h5 h6 24. Nh3 e5 25. dxe5 Nxe5 26. Nf4 d4 27. Rxc8 Rxc8 28.
Nf3 Bg4 29. Nd3 Nxf3+ 30. Bxf3 Bf5 31. Ne5 d3 32. Nc4 Qd4 33. Qd2 Qc3 34. Rd1
Rd8 35. Qf4 Be6 36. Ne3 Bxb3 37. axb3 a2 38. Kg2 a1=Q 39. Rxa1 Qxa1 40. Qxb4 d2
41. Nd1 Qd4 42. Qb7 Qe5 43. g4 Nd5 44. Bxd5 Qxd5+ 45. Qxd5 Rxd5 46. Kf1 Re5 0-1

[Event "Continental de las Americas"]
[Site "Buenos Aires"]
[Date "2005.08.07"]
[Round "2.40"]
[White "Castro, Oscar"]
[Black "Tenti, Joaquin"]
[Result "1-0"]
[WhiteElo "2385"]
[BlackElo "2153"]
[PlyCount "117"]
[EventDate "2005.08.06"]

1. d4 d5 2. Bg5 c6 3. Qd2 Bf5 4. e3 Nd7 5. Bd3 Bxd3 6. cxd3 Ngf6 7. Nf3 e6 8.
O-O Be7 9. Nc3 O-O 10. e4 Nb6 11. a4 a5 12. Rfe1 Re8 13. Re2 Nfd7 14. Bf4 Bb4
15. Qc2 Nf8 16. Na2 Ng6 17. Bg5 Be7 18. Bd2 Nh4 19. Ne1 Bf6 20. g3 Ng6 21. Nf3
dxe4 22. dxe4 Bxd4 23. Nxd4 Qxd4 24. Be3 Qd8 25. Qb3 Ra6 26. Rd1 Qc7 27. Red2
Nf8 28. Bc5 Nbd7 29. Bd6 Qb6 30. Qc3 Raa8 31. Nc1 Nf6 32. Bc5 Qa6 33. f3 Rac8
34. Qe3 b5 35. b3 bxa4 36. bxa4 Qc4 37. Qa3 N8d7 38. Bd6 c5 39. Nd3 Rc6 40. Be5
Rb6 41. Nb2 Qb3 42. Qxb3 Rxb3 43. Bc7 Rc8 44. Bxa5 c4 45. Rc2 Ne5 46. f4 Nf3+
47. Kg2 Nxe4 48. Rxc4 Rxb2+ 49. Kxf3 Rb3+ 50. Kg2 Rb2+ 51. Kg1 Rbb8 52. Rxe4
Ra8 53. Bb6 h6 54. a5 Kh7 55. Red4 Rc2 56. R4d2 Rc4 57. Ra1 Kg6 58. a6 Rb4 59.
Rd8 1-0